Tóm tắt kiến thức toán trung học phổ thông

Salvato in:
Dettagli Bibliografici
Natura: Libro
Lingua:Undetermined
Pubblicazione: Hà Nội Giáo dục 2013
Soggetti:
Tags: Aggiungi Tag
Nessun Tag, puoi essere il primo ad aggiungerne! !
Thư viện lưu trữ: Trung tâm Học liệu Trường Đại học Cần Thơ
LEADER 00579nam a2200193Ia 4500
001 CTU_183891
008 210402s9999 xx 000 0 und d
020 |c 7000 
082 |a 510.712 
082 |b T430 
245 0 |a Tóm tắt kiến thức toán trung học phổ thông 
245 0 |c Trần Hữu Nam biên soạn 
260 |a Hà Nội 
260 |b Giáo dục 
260 |c 2013 
650 |a Mathematics,Toán học 
650 |x Study and teaching,Dạy và học 
904 |i Hải 
980 |a Trung tâm Học liệu Trường Đại học Cần Thơ